| 000 | 00561nam a2200193 a 4500 | ||
|---|---|---|---|
| 001 | 11986 | ||
| 005 | 20180713200214.0 | ||
| 008 | 140415s1993 mx 000 0 spa d | ||
| 041 | _aspa | ||
| 082 |
_a970.015 _bALV |
||
| 100 | 1 | _aALVEAR ACEVEDO, CARLOS | |
| 245 | 1 | 3 |
_aEL ESPAÑOL ANTE EL AMERINDIO : _bUN CASO DE CONCIENCIA |
| 250 | _a1a ed. | ||
| 260 |
_aMEXICO : _bJUS, _c1993 |
||
| 300 | _a358 | ||
| 490 | _aHISTORIA | ||
| 650 | 1 | 4 |
_aAMERICA LATINA _xDESCUBRIMIENTOS Y EXPLORACIONES |
| 700 | 1 |
_aGARCIA Y STAHL. MA. DEL CONSUELO _ecoaut. |
|
| 999 |
_c11986 _d11986 |
||